[Event "BUL-ch"]
[Site "Sofia"]
[Date "1989.??.??"]
[Round "13"]
[White "Georgiev, Kiril"]
[Black "Janev, Evgeni"]
[Result "1-0"]
[WhiteElo "2590"]
[BlackElo "2260"]

1.e4 e6 2.d3 d5 3.Nd2 c5 4.Ngf3 b6 5.Be2 Nf6 6.O-O Bb7 7.Re1 Be7 8.e5 Nfd7
9.c3 Nc6 10.d4 cxd4 11.cxd4 Qc8 12.Bd3 Ba6 13.Bb1 Rb8 14.Nf1 Rb7 15.Ng3 Rc7
16.Bf4 h6 17.Bd2 Na5 18.Nh5 Kf8 19.Nf4 Nb8 20.Nd3 Nbc6 21.h4 Ke8 22.h5 Kd8
23.Bc3 Qd7 24.Bc2 Nc4 25.a3 Nb8 26.Bb4 Qc8 27.Ba4 Bb7 28.b3 Na5 29.Bxa5 bxa5
30.Qd2 Ba6 31.Nf4 Bg5 32.Nxg5 hxg5 33.Nxd5 exd5 34.Qxg5+ Re7 35.Qxg7 Rhe8
36.h6 f5 37.Qf6 Nd7 38.Bxd7 Kxd7 39.Qd6+  1-0

[Event "Novi Sad ol (Men)"]
[Site "Novi Sad"]
[Date "1990.??.??"]
[Round "10"]
[White "Ftacnik, Lubomir"]
[Black "Georgiev, Kiril"]
[Result "1/2-1/2"]
[WhiteElo "2550"]
[BlackElo "2580"]

1.d4 Nf6 2.c4 e6 3.Nf3 d5 4.Nc3 Be7 5.Bg5 h6 6.Bh4 O-O 7.e3 b6 8.Rc1 Bb7
9.Bxf6 Bxf6 10.cxd5 exd5 11.Bd3 c5 12.O-O cxd4 13.exd4 Nc6 14.Bb1 Re8  1/2-1/2

[Event "JUG-Cup qual"]
[Site "Arandjelovac"]
[Date "1991.??.??"]
[Round "3"]
[White "Barlov, Dragan"]
[Black "Georgiev, Kiril"]
[Result "1-0"]
[WhiteElo "2505"]
[BlackElo "2585"]

1.d4 Nf6 2.c4 g6 3.Nc3 Bg7 4.e4 d6 5.h3 O-O 6.Be3 e5 7.d5 Na6 8.Bd3 Nd7 9.a3 Nac5
10.Bc2 f5 11.b4 Nxe4 12.Bxe4 fxe4 13.Nxe4 Qh4 14.g4 Qe7 15.Ne2 Nf6 16.N2g3 Nxe4
17.Nxe4 Bd7 18.O-O a5 19.f3 Ra6 20.b5 Raa8 21.b6 cxb6 22.Bg5 Qe8 23.Nxd6 Qb8
24.Ne4 b5 25.c5 h6 26.Be3 Kh7 27.Kg2 Rf7 28.Qb3 Re7 29.Rac1 Qg8 30.Qd3 Rd8
31.Nd6 Be8 32.Rfd1 Red7 33.Qe4 Bf7 34.Rb1 b4 35.Nxf7 Qxf7 36.axb4 axb4 37.d6 b3
38.Qd5 b2 39.Qxf7 Rxf7 40.Rxb2 e4 41.Rf2 exf3+ 42.Rxf3 Rfd7 43.Bf2 Kg8 44.Re1 Rf8
45.Rxf8+ Bxf8 46.Re8 Kf7 47.Rb8 Bg7 48.Kf3 Ke6 49.Ke4 Bf6 50.Be3 h5 51.Bd4 Bd8
52.Be5 hxg4 53.hxg4 g5 54.Rc8 Ba5 55.Re8+ Kf7 56.Ra8  1-0

[Event "JUG-chT Cetinje"]
[Site "Cetinje"]
[Date "1991.??.??"]
[Round "8"]
[White "Razuvaev, Yuri S"]
[Black "Georgiev, Kiril"]
[Result "1/2-1/2"]
[WhiteElo "2585"]
[BlackElo "2585"]

1.d4 Nf6 2.c4 g6 3.Nc3 Bg7 4.e4 d6 5.f3 O-O 6.Be3 c5 7.Nge2 Nc6 8.d5 Ne5
9.Ng3 e6 10.Be2 exd5 11.cxd5 h5 12.O-O Nh7 13.Qd2 h4 14.Nh1 f5 15.Nf2 Re8
16.Kh1 Bd7 17.Rad1 a6 18.f4 Nf7 19.e5 dxe5 20.Bxc5 Rc8 21.Ba3 e4 22.Qe3 Qa5
23.Rc1 b5 24.Bc5 Bf8 25.Bxf8 Nxf8 26.a3 b4 27.axb4 Qxb4 28.Bxa6 Ra8 29.Ra1  1/2-1/2

[Event "Corfu op"]
[Site "Corfu"]
[Date "1991.??.??"]
[Round "6"]
[White "Georgiev, Kiril"]
[Black "Kotronias, Vasilios"]
[Result "1-0"]
[WhiteElo "2585"]
[BlackElo "2520"]

1.d4 d5 2.c4 e6 3.Nc3 Be7 4.cxd5 exd5 5.Bf4 Nf6 6.e3 Bf5 7.Qb3 Nc6 8.a3 Rb8
9.Nf3 O-O 10.Be2 h6 11.O-O Be6 12.Nd2 Bd6 13.Bxd6 cxd6 14.Bf3 Qa5 15.Qa2 Ne7
16.b4 Qc7 17.Rfc1 Qd7 18.a4 Rfc8 19.a5 Rc7 20.Be2 Ne4 21.Ndxe4 dxe4 22.d5 Bf5
23.Nb5 Rxc1+ 24.Rxc1 a6 25.Nd4 Bg4 26.Bxg4 Qxg4 27.h3 Qd7 28.Qb1 f5 29.b5 axb5
30.Qxb5 Qxb5 31.Nxb5 Rc8 32.Rb1 Rc5 33.Nd4 Rxa5 34.Rxb7 Kf8 35.Ne6+ Kf7 36.Nxg7 Rxd5
37.Nh5 Rd2 38.g4 fxg4 39.hxg4 d5 40.Ng3 Kf6 41.Nh5+ Kf7 42.Ra7 Rc2 43.Nf4 Kf6
44.Rd7 Rc6 45.Kg2 Ng6 46.Nxg6 Kxg6 47.Rxd5 Re6 48.Rf5 Re8 49.Kg3 Re7 50.Kf4 Re8
51.Re5 Rxe5 52.Kxe5 Kg5 53.Kxe4 Kxg4 54.Kd3 Kf3 55.e4  1-0

[Event "Corfu op"]
[Site "Corfu"]
[Date "1991.??.??"]
[Round "9"]
[White "Piket, Jeroen"]
[Black "Georgiev, Kiril"]
[Result "1/2-1/2"]
[WhiteElo "2550"]
[BlackElo "2585"]

1.d4 Nf6 2.c4 e6 3.Nc3 Bb4 4.Qb3 c5 5.dxc5 Nc6 6.Nf3 Ne4 7.Bd2 Nxd2 8.Nxd2 Bxc5
9.e3 b6 10.Nde4 O-O 11.Be2 Be7 12.Rd1 a6 13.O-O Qc7 14.Rd2 f5 15.Ng3 Ne5
16.f4 Nf7 17.e4 fxe4 18.Ncxe4 Bb7 19.Kh1 Rad8 20.f5 Nd6 21.Nxd6  1/2-1/2

[Event "BUL-chT"]
[Site "Sofia"]
[Date "1991.??.??"]
[Round "2"]
[White "Georgiev, Kiril"]
[Black "Ermenkov, Evgenij"]
[Result "1-0"]
[WhiteElo "2585"]
[BlackElo "2510"]

1.d4 Nf6 2.c4 d6 3.Nc3 Nbd7 4.Nf3 g6 5.e4 e5 6.Be2 Bg7 7.Be3 O-O 8.O-O a5
9.Qc2 Ng4 10.Bg5 f6 11.Bh4 Nh6 12.dxe5 dxe5 13.Rfd1 Nf7 14.c5 c6 15.Na4 Qe7
16.Nd2 Bh6 17.Nb3 Bg5 18.Bxg5 Nxg5 19.Bc4+ Kh8 20.h4 Nf7 21.Bxf7 Rxf7 22.Nd2 Nf8
23.Nc4 Rg7 24.Nab6 Rb8 25.Nd6 Bg4 26.f3 Be6 27.Qd2 h5 28.Qxa5 g5 29.hxg5 fxg5
30.Qc3 Ng6 31.Nbc4 Qf6 32.Rd2 Rbg8 33.Rf1 h4 34.Ne3 Nf4 35.Ndf5 Bxf5 36.Nxf5 Rg6
37.Ne3 g4 38.Nxg4 Rxg4 39.fxg4 Rxg4 40.Kh1 Qg5 41.Qa5 h3 42.Qd8+ Qxd8 43.Rxd8+ Kh7
44.gxh3 Rg3 45.Rf2 Re3 46.Rd7+ Kg6 47.Rxb7 Rxe4 48.Kh2 Rc4 49.Rb3 Kf5 50.Rc3 Ra4
51.b3 Ra8 52.a4 e4 53.Rg3 Rh8 54.a5 Ke5 55.Rg5+ Kf6 56.Rg4 Rxh3+ 57.Kg1 Ke5
58.Rfxf4 e3  1-0

[Event "BUL-chT"]
[Site "Sofia"]
[Date "1991.??.??"]
[Round "3"]
[White "Padevsky, Nikola"]
[Black "Georgiev, Kiril"]
[Result "0-1"]
[WhiteElo "2425"]
[BlackElo "2585"]

1.c4 g6 2.Nc3 Bg7 3.g3 Nf6 4.Bg2 O-O 5.e3 d6 6.Nge2 Nc6 7.d3 e5 8.Rb1 h5
9.h3 Be6 10.Nd5 Rb8 11.O-O Ne7 12.Nec3 Nh7 13.b4 h4 14.g4 f5 15.gxf5 Nxf5
16.b5 c6 17.Nb4 Ne7 18.Kh2 Qd7 19.Ne4 cxb5 20.cxb5 Rbc8 21.Bd2 d5 22.Nc3 e4
23.dxe4 Bxc3 24.Bxc3 Rxc3 25.exd5 Qd6+ 26.Kh1 Bf5 27.Rb3 Rc4 28.a3 Ng5 29.Qe2 Rfc8
30.f3 Nxh3 31.f4 Ng5 32.fxg5 h3 33.Bf3 Rc2 34.Nxc2 Rxc2 35.Qxc2 Bxc2 36.Rc3 Ba4
37.e4 Bxb5 38.Bg4 Bxf1  0-1

[Event "Bankia tt"]
[Site "Bankia"]
[Date "1992.??.??"]
[Round "3"]
[White "Manolov, Ivan"]
[Black "Georgiev, Kiril"]
[Result "0-1"]
[WhiteElo "2390"]
[BlackElo "2605"]

1.e4 c5 2.Nf3 d6 3.c3 Nf6 4.Bd3 Nc6 5.O-O Bg4 6.h3 Bxf3 7.Qxf3 g6 8.Bc2 Bg7
9.d3 O-O 10.Qe2 b5 11.Nd2 Nd7 12.Nf3 Rb8 13.Rd1 b4 14.d4 bxc3 15.bxc3 Qa5
16.Bd2 Rb2 17.Bb3 cxd4 18.cxd4 Qb6 19.Ba4 Ndb8 20.Bxc6 Nxc6 21.e5 Nxd4 22.Nxd4 Qxd4
23.exd6 exd6 24.Be3 Rxe2 25.Bxd4 Rc8 26.Bxg7 Kxg7 27.Rxd6 Rcc2 28.Rf1 Rxa2
29.Rd7 h5 30.h4 a5 31.Ra7 a4 32.g3 Re5 33.Kg2 Rf5 34.Ra6 a3 35.Ra4 Rb5 36.Ra7 Rbb2
37.Ra4 Rb3 38.Rd1 Rb6 39.Rd3 Rf6 40.Rf3 Rxf3 41.Kxf3 Ra1 42.Ra6 Kf8 43.Ra8+ Ke7
44.Ra7+ Ke6 45.Ra6+ Ke5 46.Ra7 f6 47.Ra6 Kf5 48.Ra5+ Ke6 49.Kg2 Kd6 50.Ra6+ Ke5
51.Kf3 Ra2 52.Kg2 Kf5 53.Kf3 g5 54.Ra5+ Kg6 55.hxg5 fxg5 56.Ra6+ Kf7 57.Ra5 g4+
58.Kg2 Ke6 59.Rxh5 Rb2 60.Ra5 a2  0-1

[Event "Bankia tt"]
[Site "Bankia"]
[Date "1992.??.??"]
[Round "6"]
[White "Zahariev, Zahari"]
[Black "Georgiev, Kiril"]
[Result "0-1"]
[WhiteElo "2365"]
[BlackElo "2605"]

1.e4 e5 2.Nf3 Nc6 3.Bb5 a6 4.Bxc6 dxc6 5.O-O Qd6 6.d4 exd4 7.Qxd4 Qxd4 8.Nxd4 Bd7
9.Nc3 O-O-O 10.Rd1 Bd6 11.Nde2 Ne7 12.Be3 Ng6 13.Na4 Kb8 14.Nc5 Bc8 15.Nd3 Rhe8
16.Nc3 b6 17.f3 a5 18.Bf2 Ba6 19.Bg3 Bf8 20.h4 h5 21.Ne2 Rd7 22.Nef4 Red8
23.Nxg6 fxg6 24.Nf2 Bc5 25.Rxd7 Rxd7 26.Bf4 a4 27.a3 Be2 28.Re1 Rd1 29.Rxd1 Bxd1
30.c3 Be2 31.Be5 Be3 32.Bxg7 Bc1 33.c4 Be3 34.Bc3 Kc8 35.c5 Bxc5 36.f4 Bd3
37.e5 Bc4 38.g3 Kd7 39.Kg2 Ke6 40.g4 Bd5+ 41.Kg3 Bxf2+ 42.Kxf2 hxg4 43.Kg3 Bf3
44.Be1 Kf5 45.Bf2 c5 46.Be1 Bd5 47.Bc3 Be6 48.Be1 Ke4 49.Bc3 c6 50.Be1 c4
51.Bc3 c5 52.Be1 Bf5 53.Bc3 Kd3 54.Be1 b5 55.h5 gxh5 56.Kh4 Ke4  0-1

[Event "Calcutta"]
[Site "Calcutta"]
[Date "1992.??.??"]
[Round "1"]
[White "Manoj, Verma"]
[Black "Georgiev, Kiril"]
[Result "0-1"]
[WhiteElo "2275"]
[BlackElo "2605"]

1.e4 c5 2.Nf3 d6 3.d4 cxd4 4.Nxd4 Nf6 5.Nc3 a6 6.Be2 e6 7.f4 Be7 8.Be3 Qc7
9.O-O O-O 10.Kh1 b5 11.a3 Bb7 12.Bf3 Nbd7 13.Nb3 Rac8 14.Qe1 e5 15.Qf2 exf4
16.Bxf4 Ne5 17.Nd4 Rfe8 18.Rae1 Bf8 19.Bg5 Nfd7 20.Bd1 g6 21.h4 Bg7 22.h5 h6
23.Bc1 Nc5 24.Qg3 Kh7 25.Nd5 Nxe4 26.Rxe4 Bxd5 27.hxg6+ fxg6 28.Rh4 Rf8 29.Re1 Rce8
30.c3 Qf7 31.Bf4 Nc6 32.Rxe8 Rxe8 33.Bxd6 Nxd4 34.cxd4  0-1

[Event "Elenite"]
[Site "Elenite"]
[Date "1992.??.??"]
[Round "8"]
[White "Manolov, Ivan"]
[Black "Georgiev, Kiril"]
[Result "0-1"]
[WhiteElo "2340"]
[BlackElo "2610"]

1.e4 c5 2.Nf3 d6 3.c3 Nf6 4.Bb5+ Nc6 5.d3 Bd7 6.h3 g6 7.O-O Bg7 8.Re1 a6
9.Ba4 b5 10.Bc2 b4 11.c4 O-O 12.Nbd2 Ne8 13.Ba4 Nc7 14.Nf1 a5 15.Bxc6 Bxc6
16.d4 cxd4 17.Nxd4 Bb7 18.a4 Na6 19.f3 e6 20.Rb1 Re8 21.Nb5 d5 22.exd5 exd5
23.Rxe8+ Qxe8 24.Nd6 Qc6 25.Nxb7 dxc4 26.Qe2 Qxb7 27.Qxc4 Rc8 28.Qe2 Nc5
29.Qd1 b3 30.Ra1 Qb4 31.Kh1 Nxa4 32.Rb1 h5 33.Ne3 Re8 34.Bd2 Qb5 35.Qc1 Qd3
36.Nf1 Bxb2 37.Qc6 Qxb1 38.Qxe8+ Kg7 39.Qb5 Bf6 40.Kh2 b2 41.Bxa5 Qc2 42.Nd2 Nc3  0-1

[Event "Komotini op"]
[Site "Komotini"]
[Date "1992.??.??"]
[Round "?"]
[White "Georgiev, Kiril"]
[Black "Fernandez, Jose"]
[Result "1/2-1/2"]
[WhiteElo "2610"]
[BlackElo "2210"]

1.e4 e5 2.Nf3 Nc6 3.Bb5 a6 4.Ba4 Nf6 5.O-O Bc5 6.c3 b5 7.Bb3 d6 8.d4 Bb6
9.Bg5 h6 10.Bd5 Bb7 11.Bxf6 Qxf6 12.a4 O-O 13.Na3 exd4 14.cxd4 b4 15.Nc4 Ba7
16.Qd3 Rab8 17.Rad1 b3 18.e5 dxe5 19.dxe5 Qe7 20.Qe4 Nd8 21.e6 Qxe6 22.Bxb7 Rxb7
23.Qxe6 Nxe6 24.Na5 Rb6 25.Ne5 Rd6 26.Rxd6 cxd6 27.Nec6 Bd4 28.Rb1 Bf6 29.Nxb3 Rc8
30.Nba5 Nd4 31.Nxd4 Bxd4 32.b4 Rc2 33.b5 Bxf2+ 34.Kh1 axb5 35.axb5 d5 36.Nc6 Bc5
37.g3 d4 38.Rd1 Rb2 39.Nxd4 Rb4 40.Nc6 Rxb5 41.Rd8+ Kh7 42.Rb8 Rxb8 43.Nxb8 Kg6
44.Nc6 Kf5 45.Kg2 Ke4 46.Nd8 f5 47.Ne6 Bd4 48.h4 Be5 49.h5 Ke3 50.Nf8  1/2-1/2

[Event "Komotini op"]
[Site "Komotini"]
[Date "1992.??.??"]
[Round "?"]
[White "Georgiev, Kiril"]
[Black "Tolnai, Tibor"]
[Result "1/2-1/2"]
[WhiteElo "2610"]
[BlackElo "2495"]

1.c4 c5 2.g3 g6 3.Bg2 Bg7 4.Nc3 Nc6 5.e3 e6 6.Nge2 Nge7 7.Nf4 O-O 8.O-O Rb8
9.Rb1 a6 10.a4 b6 11.b3 Bb7 12.Bb2 d6 13.Qe2 e5 14.Nfd5 Nxd5 15.Nxd5 Ne7
16.Qd3 b5 17.Bc3 Nxd5 18.Bxd5 Qd7 19.axb5 axb5 20.Bxb7 Rxb7 21.Qd5 Rfb8 22.Ra1 Qe6
23.Ra6 bxc4 24.Qxe6 fxe6 25.bxc4 Rb6 26.Rfa1 Rxa6 27.Rxa6 Bf8 28.Ra7 Re8
29.Kg2 Re7 30.Ra6 Rb7 31.f4 exf4 32.gxf4 Kf7 33.Kf3 Be7 34.e4 Rb1 35.e5 dxe5
36.fxe5 h5 37.Ra1 Rxa1 38.Bxa1 g5 39.h3 Kg6 40.Ke4 g4 41.hxg4 hxg4 42.d4 g3
43.Kf3 cxd4 44.Bxd4 Kf5  1/2-1/2

[Event "Elenite"]
[Site "Elenite"]
[Date "1993.??.??"]
[Round "4"]
[White "Georgiev, Kiril"]
[Black "Dimitrov, Vladimir"]
[Result "1-0"]
[WhiteElo "2660"]
[BlackElo "2525"]

1.c4 e6 2.Nc3 d5 3.d4 c6 4.e3 Nf6 5.Qc2 Nbd7 6.Bd2 Bd6 7.Nf3 O-O 8.Bd3 dxc4
9.Bxc4 e5 10.O-O Qe7 11.Bb3 Bb8 12.Rae1 h6 13.Nh4 Kh8 14.g3 Qd8 15.Ne2 a5
16.a3 exd4 17.Nxd4 Ba7 18.Bc3 Nc5 19.Rd1 Qb6 20.Ba2 Bg4 21.Ndf5 Bxd1 22.Rxd1 Nce4
23.Nxg7 Qc5 24.Ne6 fxe6 25.Qxe4 Qxc3 26.Qf4 Qc2 27.Qxh6+ Kg8 28.Bxe6+ Rf7
29.Nf5 Qxd1+ 30.Kg2 Qd5+ 31.Bxd5 Nxd5 32.Qg6+ Kf8 33.Qh5 Ne7 34.Qh6+ Kg8
35.Qg5+ Kf8 36.Nxe7  1-0

[Event "Elenite"]
[Site "Elenite"]
[Date "1993.??.??"]
[Round "6"]
[White "Georgiev, Kiril"]
[Black "Kolev, Atanas"]
[Result "1-0"]
[WhiteElo "2660"]
[BlackElo "2500"]

1.c4 c5 2.Nf3 Nf6 3.Nc3 Nc6 4.d4 cxd4 5.Nxd4 e6 6.a3 Bc5 7.Nb3 Be7 8.e4 O-O
9.Be2 b6 10.O-O Bb7 11.f4 d6 12.Be3 Rc8 13.Bf3 Qc7 14.Rc1 Qb8 15.Qe2 Qa8
16.g4 Rfe8 17.g5 Nd7 18.h4 a6 19.Nd2 Bf8 20.b4 g6 21.Rfd1 a5 22.b5 Ne7 23.Na4 Qa7
24.Nb3 d5 25.cxd5 exd5 26.Bg4 Rxc1 27.Rxc1 Ba8 28.e5 Nc8 29.e6 Nc5 30.Nbxc5 bxc5
31.Nxc5 Bxc5 32.Bxc5 Qb8 33.Qe5 Qxe5 34.exf7+ Kxf7 35.fxe5  1-0

[Event "Elenite"]
[Site "Elenite"]
[Date "1993.??.??"]
[Round "11"]
[White "Georgiev, Kiril"]
[Black "Georgiev, Krum"]
[Result "1-0"]
[WhiteElo "2660"]
[BlackElo "2475"]

1.d4 Nf6 2.c4 g6 3.Nf3 Bg7 4.g3 O-O 5.Bg2 c5 6.O-O Nc6 7.Nc3 d6 8.d5 Na5
9.Nd2 a6 10.Qc2 Bd7 11.b3 b5 12.Bb2 Rb8 13.Nd1 e6 14.e4 bxc4 15.bxc4 Re8
16.Bc3 exd5 17.exd5 Ng4 18.Bxg7 Kxg7 19.h3 Qf6 20.Rc1 Nh6 21.Ne4 Rxe4 22.Qxe4 Nf5
23.Qd3 Rb4 24.a3 Ra4 25.Re1 Nd4 26.Nb2 Nf3+ 27.Qxf3 Qxb2 28.Qf4 Qf6 29.Qxf6+ Kxf6
30.Bf1  1-0

[Event "Groningen PCA"]
[Site "Groningen"]
[Date "1993.??.??"]
[Round "10"]
[White "Georgiev, Kiril"]
[Black "Serper, Grigory"]
[Result "0-1"]
[WhiteElo "2660"]
[BlackElo "2575"]

1.d4 Nf6 2.c4 e6 3.Nf3 d5 4.Nc3 Bb4 5.Bg5 h6 6.Bxf6 Qxf6 7.Qa4+ Nc6 8.cxd5 exd5
9.e3 O-O 10.Be2 Be6 11.a3 Bd6 12.Nb5 Bg4 13.O-O Ne7 14.Rfc1 c6 15.Nxd6 Qxd6
16.b4 a6 17.Qc2 Nc8 18.Ng5 hxg5 19.Bxg4 g6 20.Qc5 Qd8 21.a4 Nd6 22.Be2 Qf6
23.Bd3 Rac8 24.b5 cxb5 25.Qxd5 bxa4 26.Qa5 Rxc1+ 27.Rxc1 Rc8 28.Rxc8+ Nxc8
29.Qxa4 b5 30.Qc2 Ne7 31.Qc5 Kf8 32.h3 Qc6 33.Qa3 Qb6 34.Qb4 Ke8 35.e4 Kd7
36.Qb2 b4 37.Bc2 a5 38.Ba4+ Kd8 39.d5 f6 40.e5 fxe5 41.Qxe5 Qc5 42.Qxg5 Qxd5
43.Qf6 Qc5 44.h4 Kc7 45.g3 Qd6 46.Qg5 Nc6 47.Qb5 Qe6 48.Kh2 Qe4 49.Qc5 Qe6
50.Qc2 Qd6 51.Qc4 Kb6 52.Qb5+ Kc7 53.Kg2 Qf6 54.Qc4 Kb6 55.Qg8 Qd6 56.Qc4 Qf6
57.Qb5+ Kc7 58.f4 Qb2+ 59.Kh3 Qf6 60.Bb3 Qc3 61.Ba4 Qf6 62.Kg4 Qc3 63.Qd5 Qf6
64.Qc5 Kb7 65.Bc2 Kc7 66.Qd5 Kb6 67.Qd7 Nd4 68.Be4 b3 69.Qb7+ Kc5 70.Kh3 a4
71.g4 a3 72.Qa8 Kb4 73.Bb1 Qxf4 74.h5 gxh5 75.gxh5 Qf3+ 76.Qxf3 Nxf3 77.Kg3 a2
78.Bxa2 bxa2 79.Kxf3 a1=Q  0-1

[Event "Elenite"]
[Site "Elenite"]
[Date "1994.??.??"]
[Round "2"]
[White "Georgiev, Kiril"]
[Black "Ermenkov, Evgenij"]
[Result "1/2-1/2"]
[WhiteElo "2615"]
[BlackElo "2480"]

1.d4 Nf6 2.c4 c6 3.Nc3 d5 4.Nf3 e6 5.Bg5 h6 6.Bxf6 Qxf6 7.Qb3 dxc4 8.Qxc4 Nd7
9.g3 Qe7 10.Bg2 g6 11.O-O Bg7 12.Rfd1 O-O 13.e3 e5 14.Ne4 exd4 15.Nxd4 Re8
16.Rac1 Ne5 17.Qc5 Bg4 18.Rd2 Rad8 19.Qxe7 Rxe7 20.h3 Be6 21.Nc5 b6 22.Ncxe6 Rxe6
23.b4 Bf8 24.Rdd1 Ree8 25.Nxc6 Nxc6 26.Bxc6 Rxd1+ 27.Rxd1 Rc8 28.b5 Rc7 29.Rd8 Kg7
30.Kg2 h5 31.e4 Be7 32.Re8 h4 33.f4 hxg3 34.Kxg3 Bc5 35.Kg4 Re7 36.Rd8 Bg1
37.a4 Be3 38.Rc8 Kh6 39.Kf3 Bg1 40.Bd5 Bd4 41.Rc4 Bg1 42.Rc6 Kg7 43.Kg4 Be3
44.h4 Rd7 45.Bc4 Bd2 46.f5 gxf5+ 47.Kxf5 Re7 48.Bd5 Be3 49.Rc4 Rd7 50.Rc3 Bd4
51.Rd3 Bb2 52.Rg3+ Kh7 53.Kg5 Re7 54.Rf3 Kg7 55.Rf1 Bd4 56.Kg4 Bc3 57.Rc1 Bd4
58.Rc4 Bf6 59.Rc6 Bd4 60.h5 Kh7 61.Kf5 Re5+ 62.Kf4 Re7 63.Bb3 Bg7 64.Bd1 Bd4
65.Bg4 f6 66.Bf5+ Kh6 67.Bg6 Kg7 68.Kg4 Be5 69.Bf5 Kh6 70.Rc8 Kg7 71.Bg6 Bd4
72.Rd8 Bc3 73.Rd1 Kh6 74.Kh4 Be5 75.Bf5 Bf4 76.Rd8 Kg7 77.Rc8 Be5 78.Rc6 Kh6
79.Be6 Bd4 80.Bf5 Be5 81.Kg4 Bd4 82.Rc2 Rg7+ 83.Bg6 Re7 84.Rd2 Bc3 85.Rd5 Bb2
86.Rd8 Kg7 87.Re8 Rxe8 88.Bxe8 Bc3 89.Kf5 Bd4 90.Ke6 Be3 91.Kd5 Kf8 92.Bd7 Bd2
93.Kc6 Kg7 94.Kb7 Kh6 95.Kxa7 Ba5 96.Be8 Kg7 97.Kb7 Kh6 98.Kc6 Kg7 99.Kd5 Bd2
100.Ke6 Bc3 101.Kf5 Bd2 102.Bc6 Bc3 103.Bd5 Bd2 104.Bb3 Bc3 105.Bc2 Bd2 106.h6+ Bxh6
107.a5 bxa5 108.b6 Be3 109.b7 Ba7 110.Ke6 Bb8 111.Kd7 f5 112.exf5 Kf6 113.Kc8 Be5
114.b8=N Bxb8 115.Kxb8 a4 116.Bxa4 Kxf5  1/2-1/2

[Event "Groningen"]
[Site "Groningen"]
[Date "1994.??.??"]
[Round "2"]
[White "Georgiev, Kiril"]
[Black "Gulko, Boris F"]
[Result "1-0"]
[WhiteElo "2615"]
[BlackElo "2590"]

1.e4 c6 2.d4 d5 3.Nc3 dxe4 4.Nxe4 Nd7 5.Nf3 Ngf6 6.Ng3 c5 7.Bc4 b5 8.Be2 e6
9.O-O a6 10.c4 bxc4 11.Bxc4 Bb7 12.Re1 Be7 13.b3 O-O 14.Bb2 Nb6 15.Bf1 Rc8
16.Rc1 Nbd5 17.Ne5 Qb6 18.Rc4 Rfd8 19.Qa1 cxd4 20.Bxd4 Qd6 21.Rec1 Bf8 22.Nd3 Qb8
23.Bc5 Ba8 24.Qb2 Bxc5 25.Nxc5 a5 26.Qa3 Nb6 27.R4c2 Qa7 28.b4 a4 29.b5 Qe7
30.Qb2 Bd5 31.a3 h6 32.h3 Qd6 33.Qd4 e5 34.Qh4 Be6 35.Be2 Qd4 36.Qxd4 Rxd4
37.Nxe6 Rxc2 38.Rxc2 fxe6 39.Rc6 Nfd7 40.Rxe6 Rd2 41.Bg4 Rd3 42.Ne4 Kf8 43.Bh5 g6
44.Bxg6 Rxa3 45.Re8+ Kg7 46.Bf5 Rd3 47.Be6 a3 48.Kh2 Nf6 49.Re7+ Kg6 50.Bf7+ Kf5
51.Ng3+ Kf4 52.Ne2+ Kf5 53.Ng3+ Kf4 54.Ne2+ Kf5 55.g4+ Kg5 56.Rxe5+ Kh4 57.Ng3 Nbd7
58.Rf5 Rd2 59.Ne4 a2 60.Nxd2 Nxg4+ 61.Kg2  1-0

[Event "Groningen"]
[Site "Groningen"]
[Date "1994.??.??"]
[Round "11"]
[White "Jussupow, Artur"]
[Black "Georgiev, Kiril"]
[Result "1/2-1/2"]
[WhiteElo "2655"]
[BlackElo "2615"]

1.d4 Nf6 2.c4 c5 3.d5 b5 4.cxb5 a6 5.bxa6 g6 6.Nc3 Bxa6 7.e4 Bxf1 8.Kxf1 d6
9.g3 Bg7 10.Kg2 Nbd7 11.Nf3 Nb6 12.Re1 O-O 13.Rb1 Ra6 14.b3 Qa8 15.Bb2 Nfd7
16.a4 Rc8 17.Nb5 Bxb2 18.Rxb2 c4 19.Nbd4 cxb3 20.Rxb3 Rxa4 21.Qd2 Nc4 22.Qg5 Re8
23.Nc6 Na5 24.Nxe7+ Kf8 25.Nf5 gxf5 26.Qh6+ Ke7 27.exf5+ Kd8 28.Rxe8+ Kxe8
29.Re3+ Kd8 30.Qxd6 Nc4 31.Qe7+ Kc7 32.Rd3 Qf8 33.f6 Qxe7 34.fxe7 Nf6 35.Rd4 Nb6
36.d6+ Kd7 37.Ne5+ Ke8 38.Rd3 Nfd7 39.Nxd7 Nxd7 40.Rc3 Ra8 41.Rc7 f5 42.Kh3 Nf6
43.f3 Rb8 44.Rc5 Nd7 45.Rxf5 Rb6 46.Rh5 Nf6 47.Rh6 Rxd6 48.g4 Ne4 49.Rh5 Rd3
50.Kg2 Rd2+  1/2-1/2

[Event "JUG-chT"]
[Site "Igalo"]
[Date "1994.??.??"]
[Round "?"]
[White "Georgiev, Kiril"]
[Black "Sokolov, Andrei"]
[Result "0-1"]
[WhiteElo "2615"]
[BlackElo "2580"]

1.e4 c5 2.Nf3 e6 3.d4 cxd4 4.Nxd4 Nf6 5.Nc3 d6 6.g4 h6 7.h4 Nc6 8.Rg1 h5
9.gxh5 Nxh5 10.Bg5 Nf6 11.Rg3 a6 12.Qd2 Qb6 13.Nb3 Bd7 14.O-O-O Qc7 15.Kb1 Nh7
16.Bf4 Ne5 17.h5 Nf6 18.Bg5 Rxh5 19.f4 Ng6 20.Bg2 Be7 21.f5 Ne5 22.Nd4 Nc6
23.fxe6 fxe6 24.Nxc6 Bxc6 25.e5 dxe5 26.Qe2 Rh8 27.Bxf6 Bxf6 28.Qg4 Bxg2
29.Rxg2 Rd8 30.Rgg1 Rxd1+ 31.Rxd1 Kf7 32.Ne4 Rh4 33.Qg2 Qc6 34.Re1 Rf4 35.a3 Bh4
36.Re3 Qd5 37.Qe2 b5 38.b3 Be7 39.Ka2 Kg8 40.Qg2 Kf7 41.Qe2 Kg8 42.Qg2 Qd1
43.Rg3 Bf8 44.Rd3 Qe1 45.Ng3 e4 46.Rd8 Rg4 47.Qf1 Qxf1 48.Nxf1 Kf7 49.b4 Be7
50.Rd7 g5 51.c4 Rg2+ 52.Kb3 Rf2 53.cxb5 axb5 54.Rd1 g4  0-1

[Event "JUG-chT"]
[Site "Igalo"]
[Date "1994.??.??"]
[Round "?"]
[White "Tseshkovsky, Vitaly"]
[Black "Georgiev, Kiril"]
[Result "1/2-1/2"]
[WhiteElo "2515"]
[BlackElo "2615"]

1.e4 c5 2.Nf3 d6 3.d4 cxd4 4.Nxd4 Nf6 5.Nc3 g6 6.Be2 Bg7 7.O-O O-O 8.Re1 Nc6
9.Nb3 a6 10.Bf1 b5 11.Nd5 Nd7 12.a3 Bb7 13.c3 e6 14.Nb4 Qc7 15.Nxc6 Bxc6
16.Bf4 Ne5 17.Qd2 Rfd8 18.Nd4 Bb7 19.Bh6 Bh8 20.Bg5 Rdc8 21.Rad1 Nc4 22.Bxc4 Qxc4
23.Nc2 h5 24.f3 Be5 25.Be3 a5 26.Qf2 Qb3 27.Bc1 Qc4 28.Bg5 Re8 29.Rd2 Ra6
30.Red1 Qb3 31.Nd4 Qc4 32.Nc2 Qb3 33.f4 Bg7 34.e5 dxe5 35.fxe5 Be4 36.Nd4 Qc4
37.Qf4 Bf5 38.h3 b4 39.cxb4 axb4 40.axb4 Qxb4 41.g4 hxg4 42.hxg4 Bxg4 43.Qxg4 Bxe5
44.Qh4 Rd6 45.Nf3 Qxh4 46.Bxh4 Rxd2 47.Rxd2 Bg7 48.b3 Rb8 49.Bg3 Rxb3 50.Rd8+ Kh7
51.Ng5+ Kh6 52.Nxf7+ Kh5 53.Kg2 Kg4 54.Bf2 Bf6 55.Ra8 Rb4 56.Ra5 g5 57.Ne5+ Kh5
58.Nd3 Rc4 59.Ne5 Re4 60.Bg3 Re2+ 61.Kf3 Rc2 62.Be1 Rb2 63.Ke3 Rb1 64.Ke2 Rb2+
65.Kd3 Rb6 66.Bc3 Rb1 67.Ke4 Rc1 68.Kd3 Rf1 69.Ra7 Bxe5 70.Bxe5 Rd1+ 71.Ke2 Rd5
72.Bc3 Kg4 73.Re7 Rd6 74.Bd2 Kf5 75.Rf7+ Kg6 76.Rf8 Rd5 77.Be3 Re5 78.Ra8 Kf5
79.Kf3 Kg6 80.Bd4 Rf5+ 81.Ke4 Kh5 82.Ra6 Kg4 83.Rxe6 Rf4+ 84.Kd3 Rf5 85.Re1 Kh5
86.Be5 Kg6 87.Ke4 Rf2 88.Rh1 Rf8 89.Rh2 Ra8 90.Rf2 Ra4+ 91.Bd4 Ra5 92.Rf8 Kh5
93.Rc8 Rb5 94.Bc3 Kg4 95.Rc4 Kh5 96.Ra4 Kg4 97.Be5 Rb1 98.Bc3 Rb5 99.Ra1 Kh5
100.Be5 Rb3 101.Ra5 Kg6 102.Bd4 Rb4 103.Ra8 Rb5 104.Rc8 Kh5 105.Rh8+ Kg4
106.Rh1 Ra5 107.Rb1 Kh5 108.Be5 Ra2 109.Rb5 Kg6 110.Bd4 Ra4 111.Rd5 Rb4 112.Kf3 Kf7
113.Be3 g4+ 114.Kg3 Ke6 115.Rd8 Re4 116.Bf4 Ke7 117.Rd1 Ke6 118.Kxg4 Rc4
119.Rd6+ Ke7 120.Rb6 Kd7 121.Kf5 Rd4 122.Be5 Rd5 123.Ra6 Rd3 124.Ke4 Rd1
125.Rg6 Ke7 126.Bd4 Rb1 127.Bc5+ Kf7 128.Ra6 Re1+ 129.Kd5 Re8 130.Bd4 Rd8+
131.Ke4 Rd7 132.Rc6 Ke8 133.Be5 Kf7 134.Kf5 Ke7 135.Rh6 Ke8 136.Bd6 Rf7+
137.Ke6 Re7+ 138.Kd5 Rg7 139.Rf6 Rf7 140.Rg6 Kd7  1/2-1/2

[Event "Moscow PCA-op rapid"]
[Site "Moscow"]
[Date "1994.??.??"]
[Round "?"]
[White "Novikov, Igor A"]
[Black "Georgiev, Kiril"]
[Result "1-0"]
[WhiteElo "2565"]
[BlackElo "2615"]

1.d4 Nf6 2.c4 c5 3.d5 b5 4.cxb5 a6 5.e3 axb5 6.Bxb5 Qa5+ 7.Nc3 Bb7 8.Ne2 Bxd5
9.O-O Bc6 10.a4 g6 11.e4 Bg7 12.Bg5 h6 13.Bh4 d6 14.f4 O-O 15.e5 dxe5 16.fxe5 Ng4
17.Bxe7 Bxe5 18.Bxf8 Bxh2+ 19.Kh1 Kxf8 20.Nf4 Bxf4 21.Qxg4 Bg5 22.Ne4 Bxb5
23.axb5 Qxa1 24.Rxa1 Rxa1+ 25.Kh2 f5 26.Qg3 fxe4 27.Qxb8+ Kf7 28.b6 e3 29.Qc7+ Be7
30.Qf4+ Ke6 31.Qxe3+ Kd7 32.Qxh6 Bd6+ 33.g3 Ra6 34.Qxg6 Rxb6  1-0

[Event "Moscow PCA-op rapid"]
[Site "Moscow"]
[Date "1994.??.??"]
[Round "?"]
[White "Georgiev, Kiril"]
[Black "Moskalenko, Viktor"]
[Result "1-0"]
[WhiteElo "2615"]
[BlackElo "2535"]

1.d4 d5 2.c4 e6 3.Nc3 c5 4.cxd5 exd5 5.Nf3 Nc6 6.g3 c4 7.Bg2 Bb4 8.O-O Nge7
9.e4 dxe4 10.Nxe4 O-O 11.Qc2 Bg4 12.Neg5 Bf5 13.Qxc4 h6 14.d5 Nxd5 15.Nh4 Nb6
16.Qb3 Bd3 17.Rd1 hxg5 18.Rxd3 Qf6 19.Bxg5 Qxg5 20.Bxc6 bxc6 21.Qxb4 Nd5
22.Qd2 Qxd2 23.Rxd2 Rfe8 24.Rc1  1-0

[Event "Moscow PCA-op rapid"]
[Site "Moscow"]
[Date "1994.??.??"]
[Round "?"]
[White "Pigusov, Evgeny"]
[Black "Georgiev, Kiril"]
[Result "1/2-1/2"]
[WhiteElo "2570"]
[BlackElo "2615"]

1.Nf3 Nf6 2.c4 c6 3.g3 d5 4.Bg2 dxc4 5.O-O Nbd7 6.Na3 Nb6 7.Qc2 Qd5 8.Nh4 Qe6
9.e4 g6 10.b3 cxb3 11.axb3 Bg7 12.Bb2 O-O 13.d4 Qd7 14.Nc4 Qd8 15.Rad1 Bg4
16.f3 Bd7 17.f4 a5 18.f5 a4 19.Nxb6 Qxb6 20.bxa4 Ng4 21.Rd3 c5 22.dxc5 Bxa4
23.Qxa4 Rxa4 24.cxb6 Bxb2 25.Nf3 Rb4 26.Rd7 Rxb6 27.Rxe7 Ba3 28.Rc7 gxf5
29.exf5 Ne3 30.Re1 Nxf5 31.Ng5 Bd6 32.Rxf7 Rxf7 33.Bd5 Nh6 34.Nxf7 Nxf7 35.Rf1  1/2-1/2

[Event "Moscow PCA-op rapid"]
[Site "Moscow"]
[Date "1994.??.??"]
[Round "7"]
[White "Budnikov, Alexandar"]
[Black "Georgiev, Kiril"]
[Result "1-0"]
[WhiteElo "2535"]
[BlackElo "2615"]

1.c4 Nf6 2.Nf3 e6 3.g3 d5 4.Bg2 dxc4 5.Qa4+ Nbd7 6.Qxc4 c5 7.O-O b6 8.b3 Bb7
9.Bb2 Be7 10.d3 O-O 11.Nbd2 a6 12.Rac1 b5 13.Qc2 Qb6 14.Qb1 Rac8 15.Qa1 Rfd8
16.Rc2 Bf8 17.Rfc1 Nd5 18.a3 Qa7 19.Ne4 Qa8 20.Nh4 N5b6 21.Nd2 Bd5 22.Nhf3 a5
23.e4 Bb7 24.d4 cxd4 25.Rxc8 Rxc8 26.Nxd4 b4 27.Nb5 Nc5 28.Bd4 bxa3 29.Nxa3 Nbd7
30.f3 Nd3 31.Rxc8 Qxc8 32.Bf1 N3e5 33.Nac4 Nc6 34.Be3 Ba6 35.Kg2 h6 36.Nxa5 Bxf1+
37.Nxf1 Nxa5 38.Qxa5 Nc5 39.Nd2 Nd3 40.Nc4 Qb8  1-0